[Event "RUS-chT 03rd"]
[Site "Kazan"]
[Date "1995.??.??"]
[Round "7"]
[White "Bologan, Viktor"]
[Black "Totsky, Leonid"]
[Result "0-1"]
[WhiteElo "2530"]
[BlackElo "2450"]
[Annotator "Dolmatov,S"]
[PlyCount "120"]
[EventDate "1995.??.??"]
[EventType "team-tourn"]
[EventRounds "9"]
[EventCountry "RUS"]
[SourceTitle "CBM 051"]
[Source "ChessBase"]
[SourceDate "1996.04.01"]
[SourceVersion "1"]
[SourceVersionDate "1996.04.01"]
[SourceQuality "1"]
[WhiteTeam "Kazan Sberbank-Tatarstan"]
[BlackTeam "Ekaterinburg Agat"]
[WhiteTeamCountry "RUS"]
[BlackTeamCountry "RUS"]

1. e4 e6 2. d4 d5 3. Nc3 Bb4 4. e5 c5 5. a3 Bxc3+ 6. bxc3 Ne7 7. Nf3 Qa5 8. Bd2
Nbc6 9. a4 Bd7 10. Bb5 Qc7 11. O-O Na5 (11... O-O $6 12. Bd3 $6 (12. h4 $5 h6
13. h5 f6 14. Bf4 $14) 12... h6 13. Qc1 c4 14. Be2 f6 $13 {Nunn,J-Dolmatov,S/
Pardubice/1993/0,5/23/}) (11... b6 $5) 12. Bd3 c4 13. Be2 Nac6 (13... f6 $5 14.
Bc1 O-O-O (14... Ng6 $6 15. Ba3 $40) 15. Ba3 Be8 $5 16. Bd6 $6 Rxd6 17. exd6
Qxd6 $44) 14. Bc1 f6 15. Re1 Ng6 16. Ba3 O-O-O (16... fxe5 $2 17. dxe5 Ngxe5
18. Nxe5 Nxe5 19. Bh5+ g6 20. Qd4 $40) 17. Bd6 Qa5 $16 18. Qc1 Nce7 19. Bf1 Nf5
20. Bc5 h5 21. Qb2 Rde8 (21... Kb8 22. Rab1 Bc8 23. exf6 gxf6 24. Rxe6 $18) 22.
g3 (22. Rab1 Bc6) 22... h4 23. Bg2 hxg3 24. hxg3 Bc6 (24... Kb8 25. Rab1 Bc8
26. Nd2 Qa6 27. a5 $44) 25. Rab1 Kb8 26. Nd2 Qa6 27. Qb4 Ka8 28. a5 Nh6 29. Nf1
f5 30. f4 Nf8 31. Ne3 g5 32. Bxf8 $1 (32. fxg5 Nf7 33. Be7 Rg8) (32. Kf2 Ng6
33. fxg5 Nf7 $132) 32... Rhxf8 (32... Rexf8 33. fxg5 Nf7 (33... Ng4 34. Nxg4
fxg4 35. Rf1 $16) 34. g6 $18) 33. Kf2 (33. fxg5 Nf7 34. g6 Ng5 $13) 33... Ng4+
34. Nxg4 fxg4 35. Ke3 gxf4+ 36. gxf4 Rf5 37. Rh1 Ref8 38. Rbf1 Bd7 39. Rh5 $6 (
39. Rh4 $5 Rg8 40. Qc5) (39. Rh7 $5 Qc6 40. Rg7 $16) 39... Qc6 40. Rxf5 Rxf5
41. Rh1 Qc8 42. Rh7 a6 43. Qd6 (43. Qe7 $5 Bc6 44. Qg7 Ka7 45. Rh8 (45. Qxg4 $6
Qd8 $132) 45... Qd7 46. Qxd7 Bxd7 47. Rg8 Rf7 48. Rxg4 b6 49. axb6+ Kxb6 50.
Rg6 $16) 43... Bc6 44. Rc7 Qe8 45. Rg7 (45. Re7 $5 Qf8 46. Rxe6 Rxf4 47. Qxf8+
Rxf8 48. Rg6 $14) 45... Rf7 46. Rxg4 Rd7 47. Qb4 Rd8 48. Bf3 Qf7 49. Qb1 Qh7
50. Rg2 $44 Rf8 51. Qg1 Ba4 52. Qh2 Qf7 53. Bh5 Qc7 54. Qg1 Qxa5 55. Qa1 Qd8
56. Qa3 (56. Qxa4 $2 Qh4 57. Bg4 Qe1+ 58. Be2 Qxc3+ $17) 56... Rh8 57. Rg5 Bxc2
$17 58. Bg4 Re8 59. Qc5 Be4 60. Rg7 Qh4 0-1

[Event "IBM-20 Kroongroep"]
[Site "Amsterdam"]
[Date "1980.06.??"]
[Round "?"]
[White "Van der Wiel, John"]
[Black "Dolmatov, Sergey"]
[Result "1/2-1/2"]
[WhiteElo "2465"]
[BlackElo "2535"]
[Annotator "Dolmatov,S"]
[PlyCount "86"]
[EventDate "1980.06.26"]
[EventType "tourn"]
[EventRounds "14"]
[EventCountry "NED"]
[EventCategory "14"]
[SourceTitle "MCL"]
[Source "ChessBase"]
[SourceDate "1999.07.01"]
[SourceVersion "1"]
[SourceVersionDate "1999.07.01"]
[SourceQuality "1"]

1. e4 e6 2. d4 d5 3. Nc3 Bb4 4. e5 c5 5. a3 Bxc3+ 6. bxc3 Ne7 7. a4 Qa5 8. Bd2
Nbc6 9. Nf3 Bd7 10. g3 f6 11. Bh3 O-O-O 12. O-O f5 (12... c4 $6 13. exf6 gxf6
14. Re1 $16) 13. Re1 $2 (13. dxc5 $5 Qxc5 14. Rb1 $40) 13... c4 $15 14. Bg2 h6
15. h4 Rdg8 16. Qc1 (16. h5 g5 17. hxg6 Nxg6 18. Qc1 f4 19. Bxf4 Nxf4 20. Qxf4
Qxc3 $15) 16... Be8 17. Qa3 Qc7 18. Bc1 Bh5 19. Rb1 (19. Qd6 $5 Nd8 $5 (19...
Qd7 20. Rb1 Rd8 21. Ba3 $13) 20. Ba3 Nec6 $15) 19... Nd8 20. a5 a6 $6 (20...
Nec6 21. a6 b6 $15) 21. Rb6 Bxf3 22. Bxf3 g5 23. h5 Kb8 24. Qa1 Nc8 25. Ba3 Ka8
26. Bd6 Qd7 27. Reb1 Nxb6 28. axb6 (28. Rxb6 Nf7 29. Bc5 Rc8 $17) 28... Nf7 29.
Bc7 Rc8 (29... g4 $5 30. Bg2 Rc8 $17) 30. g4 f4 31. Qa5 Qc6 32. Ra1 Rxc7 33.
bxc7 Rc8 34. Rb1 Qxc7 35. Qa3 Rh8 {P d8-c6} (35... Nd8 $6 36. Qf8 $132) (35...
Ka7 $19) 36. Rb5 $1 Nd8 37. Bxd5 exd5 38. Rxd5 Qc8 $2 (38... Re8 $17 39. Rd6
Re6 40. Rxe6 Nxe6) 39. f3 Qc6 40. Rc5 Qxf3 $2 (40... Qd7 41. d5 Re8 $17) 41.
Rc8+ Ka7 42. Qc5+ $10 b6 43. Qc7+ Qb7 (43... Qb7 44. Qxc4 Qf3 45. Qc7+ $10)
1/2-1/2

[Event "Baden"]
[Site "Baden"]
[Date "1980.??.??"]
[Round "2"]
[White "Byrne, Robert Eugene"]
[Black "Vaganian, Rafael A"]
[Result "1/2-1/2"]
[WhiteElo "2530"]
[BlackElo "2590"]
[Annotator "Dolmatov,S"]
[PlyCount "89"]
[EventDate "1980.??.??"]
[EventType "tourn"]
[EventRounds "15"]
[EventCountry "AUT"]
[EventCategory "12"]
[SourceTitle "MCL"]
[Source "ChessBase"]
[SourceDate "1999.07.01"]
[SourceVersion "1"]
[SourceVersionDate "1999.07.01"]
[SourceQuality "1"]

1. e4 e6 2. d4 d5 3. Nc3 Bb4 4. e5 Ne7 5. a3 Bxc3+ 6. bxc3 c5 7. Nf3 Qa5 8. Bd2
Nbc6 9. Be2 Bd7 10. O-O Qc7 11. Re1 h6 $6 (11... f6 12. Bf4 Ng6 13. Bg3 fxe5
14. Bd3 $14) 12. Bf1 c4 $6 (12... O-O $5 13. g3 f6 $132) 13. a4 (13. h4 O-O-O
14. h5 $14) 13... O-O 14. Bc1 f5 15. Ba3 Rf7 16. h4 Nc8 17. h5 a5 18. Nh4 Nd8
19. g4 (19. Bc1 $5 $40 {/\g4}) 19... fxg4 20. Qxg4 Bxa4 21. Bc1 (21. Ra2 $5 $44
) 21... Bxc2 22. Bxh6 Ne7 23. Bg5 Nf5 (23... b5 24. h6 gxh6 25. Bxh6+ Kh8 26.
Re3 $40) 24. Ng6 Kh7 25. Rac1 Nh6 26. Qg3 (26. Bxh6 $2 Bf5 $17) 26... Bf5 27.
Nh4 $15 Rf8 (27... b5 $5 28. Bxh6 $2 gxh6 29. Nxf5 Rxf5 30. Qg6+ Kh8 31. Qxh6+
Qh7 $17) 28. Nxf5 Nxf5 29. Qg4 b5 30. Kh1 Nf7 $6 (30... Qf7 $22 31. Bh3 Rh8 32.
Rg1 Kg8 $17) 31. Bd2 Kh8 32. Bh3 Qe7 33. Rg1 b4 34. Qg6 $40 Qh4 35. Kh2 bxc3 (
35... b3 36. Rg4 Qxf2+ 37. Rg2 Qh4 38. Rf1 $18) 36. Rxc3 Rab8 37. Rf3 Rb3 38.
Be3 N7h6 39. Bg5 $2 (39. Bxh6 $1 gxh6 40. Rg4 Rxf3 (40... Qe7 41. Rxf5 $18) 41.
Rxh4 Rxf2+ 42. Kh1 $18) 39... Qxg5 $8 (39... Qxd4 40. Bxh6 $18) 40. Rxg5 Rxf3
41. Qxe6 Rxf2+ 42. Rg2 Rxg2+ 43. Bxg2 Ng4+ 44. Kh3 (44. Kg1 Nfe3 45. Qd6 Rf2
46. Bh3 c3 $13) 44... Nf2+ 45. Kh2 1/2-1/2

[Event "San Francisco TNM Summer op"]
[Site "San Francisco"]
[Date "2014.07.08"]
[Round "7"]
[White "Lee, Andy C"]
[Black "Manvelyan, Hayk"]
[Result "1/2-1/2"]
[WhiteElo "2320"]
[BlackElo "2349"]
[Annotator "Donaldson,J"]
[PlyCount "116"]
[EventDate "2014.05.27"]
[EventType "swiss"]
[EventRounds "8"]
[EventCountry "USA"]
[SourceTitle "EXT 2016"]
[Source "ChessBase"]
[SourceDate "2015.10.08"]
[SourceVersion "1"]
[SourceVersionDate "2015.10.08"]
[SourceQuality "1"]

1. e4 e6 2. d4 d5 3. Nc3 Bb4 4. e5 c5 5. a3 Bxc3+ 6. bxc3 Ne7 7. a4 Qa5 8. Qd2
Nbc6 9. Nf3 Bd7 10. Bd3 c4 11. Be2 O-O-O 12. Ng5 Rdf8 13. Ba3 h6 14. Nh3 g5 15.
O-O Rfg8 16. Bh5 Be8 17. f3 f5 18. exf6 Bxh5 19. fxe7 Qc7 20. Qe1 Bf7 21. Qg3
Qxg3 22. hxg3 Kd7 23. f4 g4 24. Nf2 h5 25. Nd1 h4 26. Kf2 Bg6 27. Ne3 Be4 28.
Rfe1 h3 29. Nxc4 Bxg2 30. Nd2 Nxe7 31. Bxe7 Kxe7 32. a5 Kf6 33. Reb1 Rh7 34.
Kg1 Rc8 35. Ra3 Rhc7 36. Rbb3 Kf5 37. Kh2 Rc6 38. Kg1 R8c7 39. Kh2 b5 40. axb6
axb6 41. Kg1 b5 42. Nb1 Be4 43. Ra2 {Diagram #} e5 $1 (43... h2+ $3 44. Kxh2
Rh7+ 45. Kg1 Rh1+ 46. Kf2 Bxc2 $19) 44. dxe5 d4 45. Kh2 dxc3 46. Rxb5 Rc5 47.
Rb6 Bf3 48. Ra4 R5c6 49. Rxc6 Rxc6 50. Ra3 Rc4 51. Ra6 (51. Rxc3 $2 Re4 $1 $19)
51... Bd5 (51... Re4 $4 52. Rf6#) 52. Rd6 Rd4 53. Rf6+ Ke4 54. Nxc3+ Kf3 55.
Nxd5 Rd2+ 56. Kh1 Rd1+ 57. Kh2 Rd2+ 58. Kh1 Rd1+ 1/2-1/2

[Event "Horgen"]
[Site "Horgen"]
[Date "1995.10.21"]
[Round "1"]
[White "Short, Nigel D"]
[Black "Ivanchuk, Vassily"]
[Result "1-0"]
[WhiteElo "2645"]
[BlackElo "2740"]
[Annotator "Donev,I"]
[PlyCount "105"]
[EventDate "1995.10.??"]
[EventType "tourn"]
[EventRounds "11"]
[EventCountry "SUI"]
[EventCategory "17"]
[SourceTitle "CBM 050"]
[Source "ChessBase"]
[SourceDate "1996.02.01"]
[SourceVersion "1"]
[SourceVersionDate "1996.02.01"]
[SourceQuality "1"]

1. e4 e6 2. d4 d5 3. Nc3 Bb4 4. e5 Ne7 5. a3 Bxc3+ 6. bxc3 c5 7. Nf3 Qc7 8. h4
Bd7 9. h5 h6 10. Bd3 Ba4 (10... Nbc6 11. O-O c4 12. Be2 O-O-O 13. a4 f6 14.
exf6 gxf6 15. Nh4 Rdg8 16. Be3 Nd8 17. Qd2 Nf7 18. Bf4 e5 19. Bh2 Ng5 20. dxe5
fxe5 {Milos,G-Pliester,L/Groningen op (06)/1994/1-0 (39)}) 11. dxc5 (11. O-O
Nbc6 (11... Nd7 12. Re1 O-O-O 13. Bf4 Kb8 14. Qc1 Rc8 15. Ra2 Nb6 16. Qd1 Ka8
17. g3 Nc4 18. Nd2 g5 19. hxg6 Nxg6 20. Be3 Nxe3 21. Rxe3 {Krakops,M-Kaminski,
M/WchJM-U16 Bratislava (03)/ 1993/1-0 (51)}) 12. Re1 O-O-O 13. dxc5 Qa5 14. Bd2
Qxc5 15. Qe2 Kb8 16. Reb1 Nc8 17. Rb4 Nb6 18. Rg4 Nc4 19. Rxg7 Rd7 20. Rg4 Bb5
{Anka,E-Maiwald,J/Budapest FS12 GM (06)/1993/1-0 (53)}) (11. Ra2 Nd7 12. Bf4 c4
13. Be2 O-O-O 14. Qc1 Rh7 15. Rh3 Rdh8 16. Nh2 Qd8 17. Bg4 Qf8 18. Rf3 Nb6 19.
Bd2 Qe8 20. g3 Nc6 {Lau,R-Maiwald,J/Dortmund op-A (04) /1993/1-0 (89)}) 11...
Nd7 12. Rh4 Qa5 $6 (12... Bc6 13. Kf1 (13. Be3 $5 Nxe5 14. Nxe5 Qxe5 15. Kd2
O-O-O (15... Nf5 16. Bxf5 Qxf5 17. Rf4 Qe5 18. Qg4) 16. Qg4 Nf5 17. Bxf5 exf5
18. Qb4 $13) 13... Nxc5 14. Rg4 Nxd3 15. cxd3 Nf5 16. a4 $13) 13. Be3 $1 (13.
Bd2 Nxc5 14. Qe2 Nxd3+ 15. cxd3 Qa6 16. Nd4 Rc8 17. Rg4 Rg8 18. Kf1 Bb5 19.
Nxb5 Qxb5 20. Rb4 Qa6 21. Rab1 b6 22. a4 Rc5 {Klovans,J-Kaplun,L/Katowice op/
1993/1-0 (42)}) 13... Rc8 (13... Qxc3+ 14. Kf1 $36 {Short} Bc6 $2 (14... Qa5 $2
15. Bd2 $18) (14... b5 $8) 15. Rb4 $18 {/\ 16.Bd4}) 14. Rb1 Bc6 15. Qd2 Qxa3 (
15... Nxc5 16. Bxc5 Qxc5 17. Rg4 $16) 16. Rg4 Kf8 17. Rbb4 Nf5 $5 (17... a5 $5
18. Rbf4 {/\ Bg6} Nxc5 19. Bxc5 (19. Bg6 Be8) 19... Qxc5 20. Nd4 $140 Bd7 21.
Bg6 Nf5 22. Nxf5 exf5 23. Bxf5 Bxf5 24. Rxf5 Kg8 $13 (24... Qxc3 $6 25. e6 $36)
) 18. Bxf5 exf5 19. Rgf4 Qa1+ 20. Qd1 Qxd1+ (20... Qxc3+ 21. Bd2 Qa3 22. Rxf5
Re8 $1 $13 (22... Nxc5 $6 23. Rbf4 Be8 24. Bb4 $36)) 21. Kxd1 Re8 (21... g6 22.
hxg6 fxg6 23. g4 Ke7 24. gxf5 gxf5 25. Rxf5 Rcf8 (25... Rhf8 26. Nd4 Rxf5 27.
Nxf5+ Ke6 28. Nd6 Rg8 29. f4) 26. Nd4 Rxf5 27. Nxf5+ Ke6 28. Nd4+ Kxe5 29.
Nxc6+ bxc6 30. Bd4+) 22. Rxf5 Kg8 23. Rg4 Re7 (23... Nf8 24. Rf6 $1) 24. Rg3
Kh7 25. Bd4 Rhe8 26. Rf4 Nf8 27. Rfg4 g5 (27... Ne6 28. Nh4 Rg8 29. Nf5 Rd7 30.
Nd6 a5 31. f4) 28. hxg6+ Nxg6 (28... fxg6 29. e6 h5 $5 (29... Rxe6 30. Rh4 R6e7
31. Rxh6+ $1) (29... Nxe6 30. Rxg6) 30. Ng5+ Kg8 $13) 29. Rh3 Bd7 30. Ng5+ Kg8
31. e6 Bxe6 (31... Rxe6 32. Nxe6 Bxe6 33. Rxg6+ fxg6 34. Rxh6 Bf5 35. Rh8+ Kf7
36. Rh7+ Ke6 37. Rxb7 $18) 32. Nxe6 Rxe6 33. Rxh6 Re1+ 34. Kd2 R8e2+ 35. Kd3
Kf8 36. Rh5 Re4 37. Rxe4 dxe4+ 38. Kd2 Rb1 39. c6 (39. Bf6 {/\ Rd5-d8} Rf1 40.
Ke3 Re1+ 41. Kd4) (39. g3 $5 {x Ng6} Ke7 40. Rd5 {/\ Rd6, Bf6}) 39... bxc6 40.
Bxa7 Ke7 41. Bd4 Rb5 (41... Ke6 42. Rc5 Kd6 43. Rf5 Ke6 44. Rf6+) 42. Rxb5 cxb5
43. c4 $1 $18 bxc4 44. Kc3 Nf4 45. g3 Ne6 46. Kxc4 Kd6 47. Bf6 Kc6 48. g4 Kd6
49. c3 Kc6 50. Be5 Nc5 51. Kd4 Nd3 52. Bg3 Nc5 53. Bf4 (53. Bf4 Nd3 54. Be3 Nc5
55. Ke5 Na4 56. Bd4) 1-0

[Event "Santa Clara"]
[Site "Santa Clara"]
[Date "1991.??.??"]
[Round "4"]
[White "Hernandez Guerrero, Gilberto Eduardo"]
[Black "Ulybin, Mikhail"]
[Result "1/2-1/2"]
[WhiteElo "2525"]
[BlackElo "2565"]
[Annotator "Ernst,T"]
[PlyCount "95"]
[EventDate "1991.02.??"]
[EventType "tourn"]
[EventRounds "13"]
[EventCountry "CUB"]
[EventCategory "9"]
[SourceTitle "CBM 026"]
[Source "ChessBase"]
[SourceDate "1992.02.01"]
[SourceVersion "1"]
[SourceVersionDate "1992.02.01"]
[SourceQuality "1"]

1. e4 e6 2. d4 d5 3. Nc3 Bb4 4. e5 c5 5. a3 Bxc3+ 6. bxc3 Ne7 7. Nf3 Bd7 8. a4
Qa5 9. Bd2 Nbc6 10. Bb5 f6 11. Qe2 O-O-O 12. O-O c4 13. Rfb1 Rde8 14. Bxc6 Nxc6
15. Qe3 Ne7 16. Bc1 $1 {Der Läufer muss auf die lange Diagonale a3-f8
überführt werden. Das ist die Pointe der ganzen Variante.} Nf5 17. Qd2 h5 18.
Ba3 Bxa4 19. Bb4 Qa6 20. Bc5 $44 b5 21. Qc1 Kd7 22. Rb4 Rc8 23. h3 Ke8 24. exf6
gxf6 25. Qf4 h4 26. g4 hxg3 27. fxg3 Rg8 (27... Rxh3 28. g4 Ne7 29. Qxf6 $40)
28. g4 Ne7 29. Raxa4 $5 bxa4 30. Qxf6 Rxc5 $1 $8 31. dxc5 Qc8 32. Nd4 Rg6 33.
Qe5 Qxc5 34. Kg2 Kf7 35. Rxa4 a5 36. Ra1 Qb6 37. g5 (37. Rf1+ Ke8 $132) 37...
Nf5 38. h4 Nxh4+ 39. Kh3 Nf5 40. Nxf5 exf5 41. Qxf5+ Kg8 42. Re1 Qd6 43. Kg4
Kg7 44. Re8 a4 45. Ra8 Re6 46. Rxa4 Re4+ 47. Kf3 Re7 48. Qf6+ 1/2-1/2

[Event "Vienna"]
[Site "Vienna"]
[Date "1991.??.??"]
[Round "7"]
[White "Nunn, John DM"]
[Black "Kindermann, Stefan"]
[Result "1-0"]
[WhiteElo "2610"]
[BlackElo "2500"]
[Annotator "Ernst,T"]
[PlyCount "97"]
[EventDate "1991.10.??"]
[EventType "tourn"]
[EventRounds "9"]
[EventCountry "AUT"]
[EventCategory "12"]
[SourceTitle "CBM 026"]
[Source "ChessBase"]
[SourceDate "1992.02.01"]
[SourceVersion "1"]
[SourceVersionDate "1992.02.01"]
[SourceQuality "1"]

1. e4 e6 2. d4 d5 3. Nc3 Bb4 4. e5 c5 5. a3 Bxc3+ 6. bxc3 Ne7 7. Nf3 Bd7 8. a4
Qa5 9. Bd2 Nbc6 10. Bb5 f6 11. Qe2 $1 Qc7 12. O-O a6 13. Bxc6 Nxc6 14. Bc1 cxd4
15. exf6 gxf6 16. Nxd4 Qe5 17. Qd2 $1 {Weiss hat eine bessere Königsstellung.
Deshalb vermeidet er den Damentausch.} Nxd4 18. cxd4 Qf5 19. Qb4 Rg8 20. Ra3
Bc6 21. Rg3 O-O-O 22. Qe7 e5 23. a5 Bb5 (23... exd4 24. Bb2 $44) 24. Re1 Rxg3
25. hxg3 Re8 26. Qc5+ Bc6 27. Ba3 Qd7 28. Bb2 exd4 29. Rxe8+ Qxe8 30. Bxd4 $14
f5 31. c3 Kd7 32. Be3 Qe4 33. f3 Qe5 34. Bf4 Qe1+ 35. Kh2 Qe7 36. Qd4 Ke8 37.
Qh8+ Kd7 38. Qg8 h5 39. Bg5 Qe8 40. Qh7+ Ke6 41. Qh6+ Kd7 42. Qf6 Kc8 43. Bf4
Bd7 44. Qd6 Kd8 45. Qb6+ Ke7 46. Qxb7 Qc8 47. Qxd5 Qc6 48. Bg5+ Kf8 49. Qe5 1-0

[Event "Interzonal-13a"]
[Site "Tunis"]
[Date "1985.05.17"]
[Round "16"]
[White "De Firmian, Nick E"]
[Black "Chernin, Alexander"]
[Result "1-0"]
[WhiteElo "2540"]
[BlackElo "2495"]
[Annotator "Ernst,T"]
[PlyCount "85"]
[EventDate "1985.04.27"]
[EventType "tourn"]
[EventRounds "17"]
[EventCountry "TUN"]
[EventCategory "11"]
[SourceTitle "IZT"]
[Source "ChessBase"]
[SourceDate "1999.07.01"]
[SourceVersion "1"]
[SourceVersionDate "1999.07.01"]
[SourceQuality "1"]

1. e4 e6 2. d4 d5 3. Nc3 Bb4 4. e5 Ne7 5. a3 Bxc3+ 6. bxc3 c5 7. Nf3 Nbc6 8.
Be2 Qa5 9. Bd2 Bd7 10. O-O Qc7 11. Re1 c4 (11... O-O $5 12. Bd3 {/\Bxh7+} h6) (
11... O-O-O 12. Bc1 f6 13. g3 {Kurajica-Duckstein Virovitica 1978}) 12. Bf1 (
12. Ng5 $5) 12... h6 13. g3 O-O-O 14. Bh3 Kb8 15. a4 Qa5 16. Qc1 Ka8 17. Qa3
Rde8 18. Reb1 Qd8 19. Bc1 Bc8 20. Bg2 f5 21. exf6 gxf6 22. a5 a6 23. Rb6 Na7
24. Qc5 Nec6 25. Bf4 Qe7 26. Bd6 Qd7 27. Bh3 Nb5 28. Bf4 Nxc3 29. Bf1 Ne4 30.
Qa3 Ng5 31. Nxg5 hxg5 32. Bd6 e5 33. Rab1 Re6 34. Bc5 Nxd4 35. Bxd4 exd4 36.
Qc5 Qh7 37. h3 Rxb6 38. Rxb6 Qe4 39. Bg2 Qe1+ 40. Kh2 Qxf2 41. Rxa6+ bxa6 42.
Qxd5+ Kb8 43. Qd6+ 1-0

[Event "Belgrade Investbank"]
[Site "Belgrade"]
[Date "1991.??.??"]
[Round "?"]
[White "Nunn, John DM"]
[Black "Nikolic, Predrag"]
[Result "1-0"]
[WhiteElo "2610"]
[BlackElo "2625"]
[Annotator "Ftacnik,L"]
[PlyCount "69"]
[EventDate "1991.11.??"]
[EventType "tourn"]
[EventRounds "11"]
[EventCountry "YUG"]
[EventCategory "15"]
[SourceTitle "CBM 027"]
[Source "ChessBase"]
[SourceDate "1992.04.01"]
[SourceVersion "1"]
[SourceVersionDate "1992.04.01"]
[SourceQuality "1"]

1. e4 {Lautier} e6 2. d4 d5 3. Nc3 Bb4 4. e5 c5 5. a3 Bxc3+ 6. bxc3 Ne7 7. Nf3
b6 8. Bb5+ Bd7 9. Bd3 Ba4 10. dxc5 $5 (10. h4 h6 11. h5 Nbc6 12. Rh4 c4 13. Be2
Kd7 14. Be3 Qg8 $1 15. Qd2 Qh7 $132 {Sokolov,A-Yusupov,A/Riga cs/1986/}) 10...
bxc5 (10... Qc7 $2 {Lautier} 11. O-O Qxc5 12. Ng5 h6 13. Qh5 g6 14. Qh4 b5 15.
Nxf7 Kxf7 16. Qf6+ Kg8 17. Bxg6 $18) (10... Nd7 $5 {Lautier} 11. cxb6 axb6 $44)
11. O-O c4 (11... Nbc6 $5 12. Re1 c4 13. Bf1 Ng6) (11... Nd7 {Lautier} 12. c4
$1) 12. Be2 Ng6 $2 (12... Nbc6 $13) (12... Nd7 {Lautier} 13. Be3 (13. Bf4 $6
Qa5 14. Qd2 Nc5 $17) 13... Qa5 14. Bd4 Nc5 $10) 13. Ng5 $1 Nxe5 (13... h6 14.
Nxf7 $1 (14. Nxe6 {Lautier} fxe6 15. Bh5 Kf7 16. Qg4 $18) 14... Kxf7 15. Bh5
Be8 16. Qg4 $16) (13... Nc6 {Lautier} 14. f4 Qb6+ 15. Kh1 h6 16. Nf3 Nge7 $10)
14. f4 Nd3 (14... Ng6 15. f5 exf5 16. Rxf5 O-O 17. Rxd5 (17. Bf3 Ne7 18. Rxd5
Nxd5 19. Bxd5 Nd7 $1 $13 (19... Qb6+ 20. Kh1 Bc6 21. Qh5 h6 22. Qg6 $18)) 17...
Qb6+ 18. Kh1 $16) (14... h6 15. Nxe6 Qb6+ (15... fxe6 16. fxe5 $16) 16. Nd4 $16
) (14... Nec6 $2 {Lautier} 15. f5 e5 16. Bh5 O-O 17. f6 $1 (17. Bxf7+ $4 Rxf7
18. Qh5 Qb6+ 19. Be3 (19. Kh1 g6 $19) 19... Qxe3+ 20. Kh1 Qxg5 $1 21. Qxg5 Nd7
$17) 17... g6 (17... gxf6 18. Qg4 fxg5 19. Bxg5 Qd7 20. Rf5 $18) 18. Bxg6 $3
fxg6 (18... hxg6 19. Qg4 $18) 19. f7+ Kh8 20. Ne6 Qc8 21. Nxf8 Qxf8 22. Bh6
Qc5+ 23. Qd4 $3 exd4 24. f8=Q+ Qxf8 25. Rxf8#) 15. Bxd3 cxd3 16. f5 $1 (16.
Qxd3 h6 17. Nf3 Nd7 $13) 16... e5 (16... Bxc2 17. Qh5 g6 18. fxg6 fxg6 19. Qh3
$18) (16... exf5 17. Re1+ Kf8 18. Qh5 Qd7 19. cxd3 $16) (16... h6 {Lautier} 17.
Qh5 O-O 18. f6 $1 $18) 17. Qh5 Qe7 (17... Qf6 18. Nxh7 Qd6 19. Nf6+ $18) (17...
g6 18. fxg6 fxg6 (18... Qb6+ {Lautier} 19. Kh1 Qxg6 20. Qh4 Bxc2 21. Nxf7 O-O
22. Nh6+ $18) 19. Qf3 $18 (19. Qf3 Qd7 20. Qf6 $18)) 18. Ne6 (18. cxd3 Nd7 $14)
(18. Nxh7 $2 {Lautier} Rg8 19. f6 Qc5+ 20. Kh1 Nd7 21. fxg7 Rxg7 (21... O-O-O
$5)) 18... Kd7 (18... dxc2 19. Bg5 Qd6 20. Nxg7+ $18) 19. Bg5 (19. Nxg7 $2 {
Lautier} f6 20. Ne6 Bxc2) 19... f6 (19... Qe8 20. Nc5+ Kc8 21. Nxa4 Qxa4 22.
Qxf7 $18) 20. Be3 Na6 (20... Bxc2 21. Bc5 Qe8 22. Qf3 Kc6 23. c4 $18) 21. cxd3
g6 22. Qg4 Bc6 (22... gxf5 23. Qxa4+ Kxe6 24. Qxa6+ $18) 23. Nd4 $1 exd4 (23...
h5 {Lautier} 24. Nxc6 (24. Qh3 $2 g5 25. Bxg5 exd4 26. Rae1 Qg7) 24... hxg4 25.
Nxe7 Kxe7 26. fxg6 Rhc8 (26... Ke6 27. Rab1 f5 28. Rb7 $18) (26... Rac8 27. Bg5
$3 fxg5 28. Rf7+ Ke8 29. Raf1 $18 {/\ g7}) 27. Bg5 $3 fxg5 (27... Rc6 28. Rxf6
Rxf6 29. Rf1 Raf8 30. g7 $18) 28. Rf7+ Kd6 (28... Ke8 29. Raf1 Nc5 30. g7 $18)
(28... Ke6 29. Raf1 d4 30. R1f6+ Kd5 31. c4+ Kc5 32. Rxa6 $18) 29. Rf6+ Ke7 30.
Rxa6 Rxc3 31. Rf1 $18) 24. Bxd4 h5 (24... gxf5 25. Qxf5+ Qe6 (25... Kc7 {
Lautier} 26. Rae1 $18 {->}) 26. Qxe6+ Kxe6 27. Rxf6+ Kd7 28. Rf7+ Ke8 (28...
Kd6 29. Bxh8 Rxh8 30. Rxa7 $18) (28... Ke6 29. Raf1 $18) 29. Raf1 Rg8 30. Rxh7
$16) 25. Qh3 g5 (25... gxf5 26. Rae1 Qh7 27. Rxf5 $18) 26. Rfe1 Qf8 (26... Qf7
27. Re6 Rh6 28. Rae1 Nc7 29. Qg3 $18) 27. Re6 Rh6 28. Qe3 Re8 (28... Nc7 29.
Bc5) 29. Re1 Nc7 (29... Rxe6 30. fxe6+ (30. Qxe6+ Kc7 31. Bf2 h4) 30... Kc7 31.
e7 Qe8 32. Bxa7 $18) 30. Bc5 Qf7 31. Be7 $1 Rh7 (31... Nb5 32. Qc5 Rc8 33. Rd6+
$18) 32. Qc5 Bb7 (32... Rxe7 33. Qd6+ Kc8 34. Rxe7 Nb5 35. Qxc6+ $18) 33. Qxa7
Kc8 34. Rb1 Rxe7 35. Rxb7 $1 {Ftacnik,L} (35. Rxb7 $1 Rxe6 36. Qb8+ Kd7 37.
Qxc7+ $18) 1-0

[Event "RUS-ch"]
[Site "Elista"]
[Date "1995.??.??"]
[Round "10"]
[White "Yandemirov, Valeri"]
[Black "Ivanov, Sergey"]
[Result "1-0"]
[WhiteElo "2460"]
[BlackElo "2545"]
[Annotator "Giese"]
[PlyCount "93"]
[EventDate "1995.10.??"]
[EventType "swiss"]
[EventRounds "11"]
[EventCountry "RUS"]
[SourceTitle "CBM 050"]
[Source "ChessBase"]
[SourceDate "1996.02.01"]
[SourceVersion "1"]
[SourceVersionDate "1996.02.01"]
[SourceQuality "1"]

1. e4 e6 2. d4 d5 3. Nc3 Bb4 4. e5 c5 5. a3 Bxc3+ 6. bxc3 Ne7 7. Nf3 b6 8. Bd3
Ba6 9. O-O Bxd3 10. cxd3 Nd7 11. a4 O-O 12. Ba3 Rc8 13. Re1 h6 14. Qb3 f6 15.
exf6 Rxf6 16. c4 Rxf3 $5 {->>>} 17. gxf3 Nf5 18. Qd1 Qf6 19. f4 (19. dxc5 Nh4
$1 20. Kh1 Nxf3 21. Re3 Nxh2 $3 $13 22. cxb6 Ng4 23. Qxg4 Qxa1+) 19... dxc4 20.
dxc4 Qg6+ 21. Kf1 Nh4 22. Re3 Qg2+ 23. Ke2 Nf5 24. dxc5 {[%csl Rc8,Rd7,Re6]}
Qg4+ 25. Ke1 Nxe3 (25... Qg1+ $10 26. Kd2 $2 (26. Ke2 Qg4+ $10) 26... Qxf2+ 27.
Re2 Qxf4+ $19) 26. Qxd7 Rf8 (26... Nc2+ 27. Kd2 Nxa1 28. Qxc8+ Kh7 $13) 27.
fxe3 Qg1+ 28. Ke2 Qxa1 29. Qxe6+ Kh8 30. Qe7 Rf6 31. c6 Qa2+ 32. Kd3 Qb1+ 33.
Kd2 Rg6 34. c7 Rg2+ 35. Kc3 Qc2+ 36. Kb4 Qb1+ 37. Kc3 Qc2+ 38. Kd4 Rd2+ 39. Ke5
Qc3+ 40. Kf5 Qd3+ 41. e4 Qh3+ 42. Kg6 Qg4+ 43. Kf7 Qxf4+ 44. Ke8 Rd4 45. c8=Q
Rxe4 46. Qxe4 Qxe4+ 47. Kf7+ 1-0

[Event "RUS-ch"]
[Site "Elista"]
[Date "1996.??.??"]
[Round "3"]
[White "Varavin, Viktor"]
[Black "Bareev, Evgeny"]
[Result "0-1"]
[WhiteElo "2520"]
[BlackElo "2655"]
[Annotator "Hecht,H"]
[PlyCount "82"]
[EventDate "1996.10.15"]
[EventType "swiss"]
[EventRounds "11"]
[EventCountry "RUS"]
[SourceTitle "CBM 056"]
[Source "ChessBase"]
[SourceDate "1997.02.01"]
[SourceVersion "1"]
[SourceVersionDate "1997.02.01"]
[SourceQuality "1"]

1. e4 e6 2. d4 d5 3. Nc3 Bb4 4. e5 Ne7 5. a3 Bxc3+ 6. bxc3 c5 7. Nf3 b6 8. a4
Ba6 9. Bb5+ Bxb5 10. axb5 Qd7 11. Rb1 a6 12. dxc5 bxc5 13. Ba3 axb5 14. Bxc5
O-O 15. Qd3 Rc8 16. Bxe7 Qxe7 17. O-O Nd7 18. Rxb5 Nc5 19. Qe3 Ne4 20. Rb3 Qc7
21. Ng5 Ra4 22. Rb4 Rxb4 23. cxb4 Nxg5 24. Qxg5 {[#]_|_ Teil 1: Eroberung des
b-o^ Teil 2: Vormarsch der Zentralbauern Teil 3: Elegante o^-Metamorphose Gute
Koordination der schwarzen Schwerfiguren} Qxc2 25. Qe7 h6 26. b5 Qb2 27. Qb7
Rc5 28. b6 Rb5 29. Qc6 Kh7 30. Qc7 Rxb6 31. Qxf7 Qxe5 32. g3 Qe4 33. h4 e5 34.
Rc1 Rf6 35. Qa7 d4 36. Qa2 Qg4 37. Rc7 e4 38. Qb1 d3 39. Qe1 Qe2 $1 40. Qxe2 (
40. Rc1 d2) 40... dxe2 41. Rc1 Rd6 0-1